000
00271nam a22001337a 4500
008
170302b xxu||||| |||| 00| 0 eng d
020
_a
08053091003
041
_a
eng
080
_a
575
100
_a
6
101
_a
SHM
245
_a
GENETICS
_c
ZUBAY, G
942
_2
udc
_c
BK
999
_c
6584
_d
6584